Historical Figures Described as Clickbait Headlines - Statistics

General Stats
  • This quiz has been taken 473 times
  • The average score is 12 of 15
Answer Stats
Hint Answer % Correct
Failed Artist Ends Up Running a Whole Country and Starts World War 2! Adolf Hitler
96%
This Corsican Nobody Crowned Himself Emperor — You Won’t Believe What Happened Next! Napoleon Bonaparte
96%
Astronaut Takes Giant Leap — Entire Planet Watches Neil Armstrong
96%
Sailor Accidentally Finds New World While Looking for Spices Christopher Columbus
94%
Painter Cuts Off Own Ear — Still Sells Millions Vincent van Gogh
94%
Woman Refuses to Stand — Starts a Movement Rosa Parks
91%
The Man Who Made E = mc² Famous (And the Universe Nervous) Albert Einstein
89%
Farmer’s Daughter Leads an Army — Then Gets Burned Joan of Arc
87%
Conqueror Names City After Himself… 70 Times Alexander the Great
80%
From Log Cabin to White House — His Rise Will Shock You Abraham Lincoln
78%
This Norseman Arrived In The New World 500 Years Early Leif Erikson
71%
Short Man Marches Across Salt Flats — Humiliates Empire Mahatma Gandhi
60%
She Ruled Egypt And Outsmarted Rome Cleopatra
59%
Local Teen Accidentally Sparks World War by Killing Archduke Gavrilo Princip
50%
Man Speaks For 2 Hours in the Rain — Then Dies William Henry Harrison
35%
No matching quizzes found
Score Distribution
Percent of People with Each Score
Percentile by Number Answered
Your Score History
You have not taken this quiz